A tüdőbetegekért
Správa o tom, že finančná zbierka na ústav pre chorých na tbc v Zemplínskej župe sa rozbehla a za oblasť severného Zemplína bude evidovať zbierky a zverejňovať na svojich stránkach týždenník Felvidéki Hirlap v Humennom.
| Médium: | Článok |
|---|---|
| Jazyk: | Hungarian |
| Témy: | |
| Zdroj: |
1. Felvidéki Hirlap 1. Roč. 11, č. 15 (28.10.1917) s. 3 |
| LEADER | 01031nab#a2200313#ar4500 | ||
|---|---|---|---|
| 001 | 000074680 | ||
| 003 | SVKKK | ||
| 005 | 20050330xxxxxxx. | ||
| 008 | 06 c xo huno | ||
| FMT | |||
| 038 | |a SVKKK | ||
| 040 | |a SVKKK |b slo |e AACR2 | ||
| 041 | 0 | |a hun | |
| 044 | |a xo |c SK | ||
| 080 | |a 614.4 | ||
| 242 | 1 | 0 | |a Pre chorých na tbc |
| 245 | 0 | 0 | |a A tüdőbetegekért |
| 500 | |a mikrofilm | ||
| 520 | 2 | |a Správa o tom, že finančná zbierka na ústav pre chorých na tbc v Zemplínskej župe sa rozbehla a za oblasť severného Zemplína bude evidovať zbierky a zverejňovať na svojich stránkach týždenník Felvidéki Hirlap v Humennom. | |
| 650 | 0 | 4 | |a boj proti nákazlivým chorobám - ústav pre chorých na tbc - Zemplínska župa - zbierka finančná - rok 1917 - správy |
| 773 | 0 | |t Felvidéki Hirlap |g Roč. 11, č. 15 (28.10.1917) s. 3 | |
| 957 | |a Humenné | ||
| 957 | |a Zemplín (oblasť) | ||
| 958 | |a DG | ||
| 958 | |a SK | ||
| 974 | |a Ba |d 20050330 | ||
| 992 | |a RBX | ||
| BAS | |||
| 998 | |a RETRO | ||